000 00996nam a2200265 a 4500
001 ebr10416200
003 CaPaEBR
006 m u
007 cr cn|||||||||
008 101001s2009 ii a s 000 0 eng d
020 _z9788188449767
020 _z8188449768
040 _aCaPaEBR
_cCaPaEBR
035 _a(OCoLC)664270227
050 1 4 _aRS189
_b.S24 2009eb
100 1 _aSagar, G. Vidya.
245 1 0 _aInstrumental methods of drug analysis
_h[electronic resource] /
_cG. Vidya Sagar.
260 _aHyderabad [India] :
_bPharmaMed Press,
_c2009.
300 _a546 p. :
_bill.
533 _aElectronic reproduction.
_bPalo Alto, Calif. :
_cebrary,
_d2010.
_nAvailable via World Wide Web.
_nAccess may be limited to ebrary affiliated libraries.
650 0 _aDrugs
_xAnalysis.
655 7 _aElectronic books.
_2local
710 2 _aebrary, Inc.
856 4 0 _uhttp://site.ebrary.com/lib/rucke/Doc?id=10416200
_zAn electronic book accessible through the World Wide Web; click to view
999 _c187155
_d187155